|
|
|
|
| LEADER |
01207nam a2200277 u 4500 |
| 001 |
10030969 |
| 003 |
upatras |
| 005 |
20210117210055.0 |
| 008 |
991102s1994 us eng |
| 020 |
|
|
|a 0791419940
|
| 040 |
|
|
|a GR-PaULI
|c GR-PaULI
|
| 041 |
0 |
|
|a eng
|
| 082 |
0 |
4 |
|a 808.803 520 42
|
| 245 |
1 |
0 |
|a Men writing the feminine
|b literature, theory, and the question of genders
|c edited by Thais E. Morgan
|
| 260 |
|
|
|a Albany
|b State University of New York Press
|c 1994
|
| 300 |
|
|
|a vi, 207 p.
|c 24 cm.
|
| 504 |
|
|
|a Includes bibliography, list of contributors and index
|
| 650 |
|
0 |
|a Γυναίκες στη λογοτεχνία
|9 1930
|
| 650 |
|
0 |
|a Συγγραφική τέχνη
|x Διαφορές φύλου
|9 156025
|
| 650 |
|
0 |
|a Διαφορές φύλου (Ψυχολογία)
|9 156026
|
| 700 |
1 |
|
|a Morgan, Thais E.
|9 154293
|
| 852 |
|
|
|a GR-PaULI
|b ΠΑΤΡΑ
|b ΒΚΠ
|b ΒΣ2
|k ΑΣΧΞ
|h 808.803 520 42 MOR
|m 041557
|p 025000005443
|t 1
|
| 942 |
|
|
|2 ddc
|c BK15
|
| 952 |
|
|
|0 0
|1 0
|4 0
|6 808_803000000000000_520_42_MOR
|7 0
|9 200506
|a LISP
|b LISP
|c BSC
|d 2016-04-24
|i 041557
|l 0
|o 808.803 520 42 MOR
|p 025000005443
|r 2016-04-24 00:00:00
|t 1
|w 2016-04-24
|y BK15
|
| 998 |
|
|
|c ΗΛΙΟΠΟΥΛΟΥ
|d 1999-11
|
| 999 |
|
|
|c 122860
|d 122860
|